00832 a2200205 4500003000500000005001700005010001700022020001400039040000900053082001400062100002400076245014500100260003800245300003600283505014600319650002300465650006100488650005500549700002200604Nust20230124105037.0 a 2002071657 a817808622 cNust00a384.5.SWA1 aSwaminatha, Tara M.10aWireless security and privacy : bbest practices and design techniques / cTara M. Swaminatha, Charles R. Elden ; [foreword by Gary McGraw]. aBoston :bAddison-Wesley,cc2003. axxvii, 276 p. :bill. ;c24 cm. aPart.1: Establish a Foundation (Page-3), Part.2: Know Your System (Page-39), Part.3: Protect Your System (Page-99), Part.4: I-ADD (Page-165). 0aPrivacy, Right of. 0aWireless communication systemsxDesign and construction. 0aWireless communication systemsxSecurity measures.1 aElden, Charles R.